[Event "WC-2016-Q-00007"]
[Site "LSS email"]
[Date "2016.08.29"]
[Round "?"]
[White "Kizimenko, Nikolay"]
[Black "Bormida, Adolfo"]
[Result "1/2-1/2"]
[WhiteElo "2405"]
[BlackElo "2394"]
[PlyCount "101"]
[EventDate "2016.09.03"]
[EventType "tourn (corr)"]
[EventRounds "12"]
[EventCountry "GER"]
[SourceTitle "Corr 2022"]
[Source "ChessBase"]
[SourceDate "2021.10.24"]
[SourceVersion "1"]
[SourceVersionDate "2021.10.24"]
[SourceQuality "1"]

1. d4 Nf6 2. c4 g6 3. Nc3 Bg7 4. Nf3 0-0 5. e4 d6 6. h3 e5 7. d5 a5 8. Be3 Na6 9. g4 h5 10. Ng5 hxg4 11. hxg4 Bxg4 12. Be2 Bd7 13. Qd2 a4 14. 0-0-0 a3 15. b3 Nc5 16. Kb1 c6 17. Bxc5 dxc5 18. d6 b6 19. Rdg1 Ne8 20. Nh7 Nf6 21. Nxf8 Qxf8 22. Rh2 Be6 23. Rd1 Ra7 24. Qg5 Qd8 25. Rhh1 Rd7 26. Qc1 Ra7 27. Qg5 Rd7 28. Kc2 Rxd6 29. Rxd6 Qxd6 30. Rd1 Qb8 31. Qd2 Nd7 32. Nb1 Qa8 33. Qc1 Nf6 34. Bf3 Nh7 35. Qxa3 Qb7 36. Qc1 b5 37. Be2 b4 38. Rd8+ Bf8 39. a4 bxa3 40. Qxa3 Bc8 41. Qc1 Qc7 42. Rd1 Be7 43. Qe3 Ng5 44. Nc3 Ne6 45. Rh1 Nd4+ 46. Kb2 Bf6 47. Bd1 Be6 48. Na4 Qa7 49. Kb1 Bg7 50. Qc3 Bf8 51. Nb2 1/2-1/2

[Event "WC-2016-Q-00007"]
[Site "LSS email"]
[Date "2016.08.29"]
[Round "?"]
[White "Kizimenko, Nikolay"]
[Black "Brzeszkiewicz, Edmund"]
[Result "1/2-1/2"]
[WhiteElo "2405"]
[BlackElo "2239"]
[PlyCount "99"]
[EventDate "2016.09.03"]
[EventType "tourn (corr)"]
[EventRounds "12"]
[EventCountry "GER"]
[SourceTitle "Corr 2022"]
[Source "ChessBase"]
[SourceDate "2021.10.24"]
[SourceVersion "1"]
[SourceVersionDate "2021.10.24"]
[SourceQuality "1"]

1. d4 d5 2. c4 e6 3. Nf3 Nf6 4. g3 Be7 5. Bg2 0-0 6. Qc2 c5 7. 0-0 cxd4 8. Nxd4 Nc6 9. Nxc6 bxc6 10. b3 a5 11. Nc3 Ba6 12. Rd1 Qc7 13. Na4 dxc4 14. bxc4 Rab8 15. Bd2 h6 16. Rab1 Rfd8 17. Rxb8 Rxb8 18. Bf4 e5 19. Bd2 Bf8 20. h3 Nd7 21. Be3 Rb4 22. c5 g6 23. Rd2 Bc4 24. Nb6 Be6 25. Nxd7 Bxd7 26. a3 Rb7 27. Qc3 h5 28. Rb2 Rxb2 29. Qxb2 Be7 30. Qb6 Bd8 31. Qa6 Qc8 32. Qxc8 Bxc8 33. Bxc6 Bxh3 34. Bd5 Kg7 35. c6 Kf6 36. Bc5 Be7 37. Bb6 a4 38. Bc4 Bc8 39. Bb5 Bxa3 40. Bd8+ Kg7 41. Bxa4 Kf8 42. Bc2 f5 43. f3 Bd6 44. g4 Ke8 45. c7 Kf7 46. g5 e4 47. Kg2 exf3+ 48. exf3 h4 49. Bb3+ Ke8 50. Ba4+ 1/2-1/2

[Event "WC-2016-Q-00007"]
[Site "LSS email"]
[Date "2016.08.29"]
[Round "?"]
[White "Kizimenko, Nikolay"]
[Black "Wosch, Arkadiusz Janusz"]
[Result "0-1"]
[WhiteElo "2405"]
[BlackElo "2373"]
[PlyCount "50"]
[EventDate "2016.09.03"]
[EventType "tourn (corr)"]
[EventRounds "12"]
[EventCountry "GER"]
[SourceTitle "Corr 2022"]
[Source "ChessBase"]
[SourceDate "2021.10.24"]
[SourceVersion "1"]
[SourceVersionDate "2021.10.24"]
[SourceQuality "1"]

1. d4 Nf6 2. c4 e6 3. Nf3 d5 4. g3 Be7 5. Bg2 0-0 6. 0-0 dxc4 7. Ne5 Nc6 8. Bxc6 bxc6 9. Nxc6 Qe8 10. Nxe7+ Qxe7 11. Na3 Rd8 12. Qc2 Ba6 13. Qa4 Rd6 14. f3 c3 15. Rf2 cxb2 16. Bxb2 Rb6 17. e4 Qb4 18. Qd1 Rab8 19. Rc1 h5 20. Rcc2 Qa4 21. Qd2 Nd7 22. Qc3 f5 23. d5 Nf6 24. Qd4 Rb4 25. Qc5 Rxb2 0-1

[Event "WC-2016-Q-00007"]
[Site "LSS email"]
[Date "2016.08.29"]
[Round "?"]
[White "Thurrott, Allan"]
[Black "Kizimenko, Nikolay"]
[Result "1/2-1/2"]
[WhiteElo "2254"]
[BlackElo "2405"]
[PlyCount "84"]
[EventDate "2016.09.03"]
[EventType "tourn (corr)"]
[EventRounds "12"]
[EventCountry "GER"]
[SourceTitle "Corr 2022"]
[Source "ChessBase"]
[SourceDate "2021.10.24"]
[SourceVersion "1"]
[SourceVersionDate "2021.10.24"]
[SourceQuality "1"]

1. e4 c5 2. Nf3 d6 3. d4 cxd4 4. Nxd4 Nf6 5. Nc3 a6 6. Be3 e5 7. Nb3 Be6 8. f3 h5 9. Nd5 Bxd5 10. exd5 Nbd7 11. Qd2 g6 12. Be2 Bg7 13. 0-0 b6 14. c4 0-0 15. Rad1 Qc7 16. Rfe1 Rfe8 17. Rc1 Rab8 18. Kh1 Rbc8 19. Bf1 Nc5 20. Na1 e4 21. b4 Nd3 22. Bxd3 exd3 23. Nb3 Nd7 24. Nd4 Ne5 25. f4 Nxc4 26. Qxd3 b5 27. f5 Ne5 28. Qb1 Qb7 29. fxg6 fxg6 30. Rcd1 Qxd5 31. Nf5 Nd3 32. Nh6+ Bxh6 33. Rxd3 Qe4 34. Bd2 Qxe1+ 35. Bxe1 Rc1 36. Qb3+ Kg7 37. Qb2+ Kh7 38. Kg1 Rexe1+ 39. Kf2 Rf1+ 40. Kg3 Bg7 41. Qd2 Bh6 42. Qe2 Rce1 1/2-1/2

[Event "WC-2016-S-00004"]
[Site "LSS email"]
[Date "2016.07.28"]
[Round "?"]
[White "Kizimenko, Nikolay"]
[Black "Pijl, Richard"]
[Result "1/2-1/2"]
[WhiteElo "2405"]
[BlackElo "2408"]
[PlyCount "77"]
[EventDate "2016.08.03"]
[EventType "tourn (corr)"]
[EventRounds "12"]
[EventCountry "GER"]
[SourceTitle "Corr 2022"]
[Source "ChessBase"]
[SourceDate "2021.10.24"]
[SourceVersion "1"]
[SourceVersionDate "2021.10.24"]
[SourceQuality "1"]

1. d4 Nf6 2. c4 e6 3. g3 c5 4. d5 exd5 5. cxd5 b5 6. Nf3 Bb7 7. e4 Nxe4 8. Bg2 Be7 9. 0-0 0-0 10. Re1 f5 11. Nc3 Nxc3 12. bxc3 d6 13. Bf4 Na6 14. Qe2 Bf6 15. Qe6+ Kh8 16. Bxd6 Bc8 17. Be7 Bxe6 18. Bxd8 Bxd5 19. Bxf6 Rxf6 20. Re7 c4 21. Rd1 Bg8 22. Rb1 Rb8 23. Nd4 b4 24. Nc6 Rb6 25. Nxb4 Nxb4 26. cxb4 h6 27. a4 c3 28. Rc7 Ba2 29. Ra1 Bb3 30. Rxc3 Rxb4 31. Rb1 Rfb6 32. a5 Be6 33. Re1 Rb1 34. Kf1 Bd7 35. Rxb1 Rxb1+ 36. Ke2 Bb5+ 37. Ke3 Ra1 38. Rc5 Rxa5 39. Bd5 1/2-1/2

[Event "WC-2016-S-00004"]
[Site "LSS email"]
[Date "2016.07.28"]
[Round "?"]
[White "Kizimenko, Nikolay"]
[Black "Zasinets, Dima"]
[Result "1/2-1/2"]
[WhiteElo "2405"]
[BlackElo "2261"]
[PlyCount "71"]
[EventDate "2016.08.03"]
[EventType "tourn (corr)"]
[EventRounds "12"]
[EventCountry "GER"]
[SourceTitle "Corr 2022"]
[Source "ChessBase"]
[SourceDate "2021.10.24"]
[SourceVersion "1"]
[SourceVersionDate "2021.10.24"]
[SourceQuality "1"]

1. Nf3 d5 2. g3 Nf6 3. Bg2 c5 4. 0-0 Nc6 5. d4 e6 6. c4 dxc4 7. Ne5 Bd7 8. Na3 cxd4 9. Naxc4 Bc5 10. Bf4 Nd5 11. Nxd7 Qxd7 12. Ne5 Qe7 13. Nxc6 bxc6 14. Be5 0-0 15. Bxd4 Bxd4 16. Qxd4 Rac8 17. Rac1 c5 18. Qe5 Nb6 19. Rc2 c4 20. Rfc1 h6 21. e3 Qb4 22. Bf3 Qa4 23. a3 Rfd8 24. Be2 Rd5 25. Qe4 Rdc5 26. Rc3 R5c7 27. h4 Qa6 28. g4 Qa4 29. Kg2 Qd7 30. R3c2 Qe7 31. Kg3 c3 32. Rxc3 Rxc3 33. Rxc3 Rxc3 34. bxc3 Qxa3 35. Qc6 g6 36. c4 1/2-1/2

[Event "WC-2016-S-00004"]
[Site "LSS email"]
[Date "2016.07.28"]
[Round "?"]
[White "Pijl, Richard"]
[Black "Kizimenko, Nikolay"]
[Result "1/2-1/2"]
[WhiteElo "2408"]
[BlackElo "2405"]
[PlyCount "57"]
[EventDate "2016.08.03"]
[EventType "tourn (corr)"]
[EventRounds "12"]
[EventCountry "GER"]
[SourceTitle "Corr 2022"]
[Source "ChessBase"]
[SourceDate "2021.10.24"]
[SourceVersion "1"]
[SourceVersionDate "2021.10.24"]
[SourceQuality "1"]

1. e4 c5 2. Nf3 d6 3. d4 cxd4 4. Nxd4 Nf6 5. Nc3 a6 6. Be3 e5 7. Nb3 Be6 8. f3 h5 9. Nd5 Nxd5 10. exd5 Bf5 11. Bd3 Bxd3 12. Qxd3 Be7 13. 0-0-0 Nd7 14. Kb1 Bg5 15. Bf2 Rc8 16. h4 Bh6 17. g4 Bf4 18. Nd2 Bxd2 19. Rxd2 hxg4 20. fxg4 Nf6 21. g5 Nh5 22. c4 0-0 23. c5 Qd7 24. Qf3 g6 25. Re1 Rfe8 26. cxd6 Qxd6 27. Bg1 Nf4 28. Bh2 b5 29. Qe3 1/2-1/2

[Event "CP-2014-P-00062"]
[Site "LSS email"]
[Date "2014.09.30"]
[Round "?"]
[White "Kizimenko, Nikolay"]
[Black "Sciarretta, Robert W"]
[Result "1-0"]
[WhiteElo "2398"]
[BlackElo "2192"]
[PlyCount "121"]
[EventDate "2014.10.01"]
[EventType "tourn (corr)"]
[EventRounds "6"]
[EventCountry "GER"]
[SourceTitle "Corr 2022"]
[Source "ChessBase"]
[SourceDate "2021.10.24"]
[SourceVersion "1"]
[SourceVersionDate "2021.10.24"]
[SourceQuality "1"]

1. e4 c5 2. Nf3 Nc6 3. d4 cxd4 4. Nxd4 g6 5. Nc3 Bg7 6. Be3 Nf6 7. Bc4 0-0 8. Bb3 a5 9. 0-0 a4 10. Nxa4 Nxe4 11. Nb5 Ra6 12. Qe2 d6 13. c4 Nf6 14. Rad1 Na5 15. Bc2 Be6 16. b3 Nc6 17. h3 Qc8 18. Bb1 Rxa4 19. bxa4 Ne5 20. Rc1 Bxc4 21. Qd2 d5 22. Na3 Qa8 23. Rfe1 Qxa4 24. Bc5 Nc6 25. Nxc4 dxc4 26. Bxe7 Nxe7 27. Rxe7 b5 28. Qd6 Qa8 29. Rd1 Rc8 30. a3 Qa4 31. Rde1 Qa5 32. g3 Rd8 33. Qc6 Qxa3 34. Rb7 Qb4 35. Kf1 Qf8 36. Qxb5 Ne8 37. Qc6 Nd6 38. Rc7 Bc3 39. Ree7 Bf6 40. Red7 Be5 41. Kg2 Qe8 42. Rxd8 Qxd8 43. Rd7 Qf6 44. Qd5 Kg7 45. f4 Ba1 46. Bxg6 hxg6 47. Qxd6 Qb2+ 48. Kf3 Qb3+ 49. Kg4 Qc2 50. Qe7 Qf5+ 51. Kf3 c3 52. g4 Qf6 53. Qxf6+ Kxf6 54. Rc7 Ke6 55. h4 Kd6 56. Rc8 Ke6 57. h5 gxh5 58. gxh5 Kf5 59. Rc6 Bb2 60. h6 c2 61. Rxc2 1-0

[Event "SM-2013-0-00267"]
[Site "LSS email"]
[Date "2013.08.26"]
[Round "?"]
[White "Kizimenko, Nikolay"]
[Black "Astroukh, Vitalij"]
[Result "1/2-1/2"]
[WhiteElo "2390"]
[BlackElo "2118"]
[PlyCount "67"]
[EventDate "2013.08.01"]
[EventType "tourn (corr)"]
[EventRounds "6"]
[EventCountry "GER"]
[SourceTitle "Corr 2022"]
[Source "ChessBase"]
[SourceDate "2021.10.24"]
[SourceVersion "1"]
[SourceVersionDate "2021.10.24"]
[SourceQuality "1"]

1. e4 c5 2. Nf3 d6 3. d4 cxd4 4. Nxd4 Nf6 5. Nc3 a6 6. Be3 e6 7. f3 b5 8. Qd2 Nbd7 9. g4 b4 10. Nce2 h6 11. 0-0-0 Qc7 12. h4 d5 13. Bf4 e5 14. Bh2 dxe4 15. g5 hxg5 16. hxg5 Rxh2 17. Rxh2 exd4 18. Rh4 Ng4 19. Rxg4 Nc5 20. Rh4 d3 21. Nd4 Bb7 22. Rh8 Rd8 23. Nb3 Ne6 24. fxe4 Bxe4 25. Re1 dxc2 26. Qf2 Rd1+ 27. Rxd1 cxd1Q+ 28. Kxd1 Qc6 29. Qd2 Bf3+ 30. Ke1 Qe4+ 31. Kf2 Qf5 32. Nd4 Nxd4 33. Qxd4 Bc6+ 34. Ke1 1/2-1/2

[Event "SM-2013-0-00267"]
[Site "LSS email"]
[Date "2013.08.26"]
[Round "?"]
[White "Kizimenko, Nikolay"]
[Black "Schroeder, Christoph"]
[Result "1/2-1/2"]
[WhiteElo "2390"]
[BlackElo "2306"]
[PlyCount "71"]
[EventDate "2013.08.01"]
[EventType "tourn (corr)"]
[EventRounds "6"]
[EventCountry "GER"]
[SourceTitle "Corr 2022"]
[Source "ChessBase"]
[SourceDate "2021.10.24"]
[SourceVersion "1"]
[SourceVersionDate "2021.10.24"]
[SourceQuality "1"]

1. d4 d5 2. c4 e6 3. Nf3 c6 4. e3 f5 5. Bd3 Nf6 6. 0-0 Bd6 7. b3 Qe7 8. Bb2 0-0 9. Nc3 Ne4 10. Ne2 Nd7 11. Rc1 a5 12. Nf4 a4 13. bxa4 Rf6 14. Ne5 Rh6 15. h3 Nb6 16. Bxe4 Nxa4 17. Bxd5 Nxb2 18. Qb3 exd5 19. cxd5 Bxe5 20. dxe5 Qa3 21. Qb6 Na4 22. Qc7 cxd5 23. Nxd5 Be6 24. Qxb7 Rf8 25. Rc7 Kh8 26. Nf4 Nc5 27. Qb6 Bc4 28. Qxc5 Qxc5 29. Rxc5 Bxf1 30. Kxf1 Ra6 31. e6 g6 32. g4 fxg4 33. hxg4 Rxa2 34. Kg2 Re8 35. Kf3 Ra6 36. Ke4 1/2-1/2

[Event "SM-2013-0-00267"]
[Site "LSS email"]
[Date "2013.08.26"]
[Round "?"]
[White "O'Toole, Roger"]
[Black "Kizimenko, Nikolay"]
[Result "1/2-1/2"]
[WhiteElo "2133"]
[BlackElo "2390"]
[PlyCount "48"]
[EventDate "2013.08.01"]
[EventType "tourn (corr)"]
[EventRounds "6"]
[EventCountry "GER"]
[SourceTitle "Corr 2022"]
[Source "ChessBase"]
[SourceDate "2021.10.24"]
[SourceVersion "1"]
[SourceVersionDate "2021.10.24"]
[SourceQuality "1"]

1. e4 c5 2. Nf3 d6 3. d4 cxd4 4. Nxd4 Nf6 5. Nc3 a6 6. Be3 e5 7. Nb3 Be6 8. Be2 Nbd7 9. 0-0 Rc8 10. f4 exf4 11. Rxf4 Be7 12. Nd4 Ne5 13. Qd2 Qd7 14. Raf1 0-0 15. Nf5 Bxf5 16. Rxf5 b5 17. Bd4 Qc6 18. Qe3 b4 19. Nd5 Nxd5 20. exd5 Qxd5 21. Bd3 Qe6 22. Bxe5 dxe5 23. Qxe5 Qxe5 24. Rxe5 Bc5+ 1/2-1/2